La guía completa para una vida autosuficiente: técnicas tradicionales y últimos avances
Guardat en:
| Autors principals: | , |
|---|---|
| Format: | Llibre |
| Idioma: | espanyol |
| Publicat: |
Barcelona
Blume
2011
|
| Matèries: | |
| Etiquetes: |
Afegir etiqueta
Sense etiquetes, Sigues el primer a etiquetar aquest registre!
|
MARC
| LEADER | 00000cam a2200000 a 4500 | ||
|---|---|---|---|
| 001 | UCG9807 | ||
| 003 | CL-VaPUC | ||
| 008 | 120405e20110000SP |||||||||||||||||spa|d | ||
| 020 | |a 9788480769325 | ||
| 082 | 0 | 4 | |a 630 |b STR |2 21 |
| 100 | 0 | |a Strawbridge, Dick |e author |9 561506 | |
| 700 | 0 | |a Strawbridge, James |e author |9 561507 | |
| 245 | 1 | 3 | |a La guía completa para una vida autosuficiente: técnicas tradicionales y últimos avances |
| 300 | |a 303 p | ||
| 942 | |c BK | ||
| 945 | |d 20120405 00:00:00 |a dcastane | ||
| 260 | |a Barcelona |b Blume |c 2011 | ||
| 650 | 0 | |a Agricultura |9 255598 | |
| 650 | 0 | |a Vida sustentable |9 561508 | |
| 650 | 0 | |a Agricultura sustentable |9 468550 | |
| 650 | 0 | |a Artesanía |9 353181 | |
| 583 | |a last modification |c 20121025 01:42:59 |k Rodrigo Vera | ||
| 999 | |c 347349 |d 347347 | ||
| 952 | |0 0 |1 0 |4 0 |6 630_000000000000000_STR_2011 |7 0 |8 A |9 448613 |a BIBING |b BIBING |d 2019-11-22 |i 4852753 |o 630 STR 2011 |p 4852753 |r 2023-03-02 |w 2019-11-22 |y BK |k CUI | ||
| 952 | |0 0 |1 0 |4 0 |6 630_000000000000000_STR_2011 |7 0 |8 A |9 448614 |a BIBING |b BIBING |d 2019-11-22 |i 4836723 |o 630 STR 2011 |p 4836723 |r 2025-01-20 |w 2019-11-22 |y BK |k CUI | ||